000 00279nam a2200121Ia 4500
008 190216s9999||||xx |||||||||||||| ||und||
100 _aShivanarayana Chaudari
245 0 _aHindi-Prerana Sresht
260 _bAshitha Prakashan
300 _a103
650 _aHindi
942 _cBK
999 _c16296
_d16296